Transformación y desarrollo (Registro nro. 6699)

Detalles MARC
000 -LEADER
fixed length control field 00950 a2200205 4500
001 - CONTROL NUMBER
control field 59469
005 - DATE AND TIME OF LATEST TRANSACTION
control field 20260407155848.0
008 - FIXED-LENGTH DATA ELEMENTS--GENERAL INFORMATION
fixed length control field 260407a1970 arg spa d
003 - CONTROL NUMBER IDENTIFIER
control field AR-UNSa-BCEJYS
040 ## - CATALOGING SOURCE
Original cataloging agency AR-UNSa-BCEJYS
Language of cataloging spa
Transcribing agency AR-UNSa-BCEJYS
080 ## - UNIVERSAL DECIMAL CLASSIFICATION NUMBER
Universal Decimal Classification number 330.34(7/8)
Common auxiliary subdivision Desarrollo Económico de América Latina
100 1# - MAIN ENTRY--PERSONAL NAME
Personal name Prebisch, Raúl
245 10 - TITLE STATEMENT
Title Transformación y desarrollo
Name of part/section of a work La gran tarea de banco interamericano de desarrollo
264 #1 - PRODUCTION, PUBLICATION, DISTRIBUTION, MANUFACTURE, AND COPYRIGHT NOTICE
Place of production, publication, distribution, manufacture México :
Name of producer, publisher, distributor, manufacturer Fondo de Cultura Económica
Date of production, publication, distribution, manufacture, or copyright notice 1970
300 ## - PHYSICAL DESCRIPTION
Extent 305 p.
Dimensions 21 cm.
505 ## - FORMATTED CONTENTS NOTE
Formatted contents note 1. El desarrollo latinoamericano y sus problemas - 2. La insuficiencia dinámica y su corrección - 3. Cooperación internacional y dependencia - 4. El sistema económico y su transformación - 5. Conclusiones para la acción -
590 ## - LOCAL NOTE (RLIN)
Local note niveau_biblio:m niveau_hierar:0
700 1# - ADDED ENTRY--PERSONAL NAME
Personal name Banco Interamericano de Desarrollo. Instituto para la Integración de América Latina (BID-INTAL)
942 ## - ADDED ENTRY ELEMENTS (KOHA)
Koha item type
Existencias
Withdrawn status Lost status Damaged status Not for loan Home library Current library Shelving location Date acquired Total checkouts Full call number Barcode Date last seen Price effective from Koha item type
        Biblioteca Prof. Eusebio Cleto del Rey Biblioteca Prof. Eusebio Cleto del Rey   07/04/2026   330.34(7/8) P922 L23276 07/04/2026 07/04/2026 Libro
        Biblioteca Prof. Eusebio Cleto del Rey Biblioteca Prof. Eusebio Cleto del Rey   07/04/2026   330.34(7/8) P922 L26218 07/04/2026 07/04/2026 Libro